<?xml version="1.0" encoding="UTF-8"?>
<record
    xmlns:xsi="http://www.w3.org/2001/XMLSchema-instance"
    xsi:schemaLocation="http://www.loc.gov/MARC21/slim http://www.loc.gov/standards/marcxml/schema/MARC21slim.xsd"
    xmlns="http://www.loc.gov/MARC21/slim">

  <leader>02680cam a2200361 a 4500</leader>
  <controlfield tag="001">2741</controlfield>
  <controlfield tag="003">FISKH</controlfield>
  <controlfield tag="005">20240611155934.0</controlfield>
  <controlfield tag="008">000630s2000    nyu      b    001 0 eng d</controlfield>
  <datafield tag="010" ind1=" " ind2=" ">
    <subfield code="a">   00106191 </subfield>
  </datafield>
  <datafield tag="020" ind1=" " ind2=" ">
    <subfield code="a">0375402101</subfield>
  </datafield>
  <datafield tag="035" ind1=" " ind2=" ">
    <subfield code="a">(OCoLC)ocm44947512</subfield>
  </datafield>
  <datafield tag="040" ind1=" " ind2=" ">
    <subfield code="a">NPL</subfield>
    <subfield code="c">NPL</subfield>
    <subfield code="d">AAB</subfield>
    <subfield code="d">NOR</subfield>
    <subfield code="d">DLC</subfield>
  </datafield>
  <datafield tag="042" ind1=" " ind2=" ">
    <subfield code="a">lccopycat</subfield>
  </datafield>
  <datafield tag="043" ind1=" " ind2=" ">
    <subfield code="a">n-us---</subfield>
  </datafield>
  <datafield tag="050" ind1="0" ind2="0">
    <subfield code="a">HV8059</subfield>
    <subfield code="b">.B395 2000</subfield>
  </datafield>
  <datafield tag="082" ind1="0" ind2="0">
    <subfield code="a">683.4/00973</subfield>
    <subfield code="2">21</subfield>
  </datafield>
  <datafield tag="100" ind1="1" ind2=" ">
    <subfield code="a">Bellesiles, Michael A.</subfield>
  </datafield>
  <datafield tag="245" ind1="1" ind2="0">
    <subfield code="a">Arming America :</subfield>
    <subfield code="b">the origins of a national gun culture /</subfield>
    <subfield code="c">Michael A. Bellesiles.</subfield>
  </datafield>
  <datafield tag="260" ind1=" " ind2=" ">
    <subfield code="a">New York :</subfield>
    <subfield code="b">Alfred A. Knopf,</subfield>
    <subfield code="c">2000.</subfield>
  </datafield>
  <datafield tag="300" ind1=" " ind2=" ">
    <subfield code="a">603 pages :</subfield>
    <subfield code="c">25 cm.</subfield>
  </datafield>
  <datafield tag="500" ind1=" " ind2=" ">
    <subfield code="a">This book serves as a rare example of a discredited non-fiction item by a once respected contemporary academic.</subfield>
  </datafield>
  <datafield tag="504" ind1=" " ind2=" ">
    <subfield code="a">Includes bibliographical references and index.</subfield>
  </datafield>
  <datafield tag="505" ind1="0" ind2="0">
    <subfield code="t">In search of guns --</subfield>
    <subfield code="g">ch. 1.</subfield>
    <subfield code="t">European gun heritage --</subfield>
    <subfield code="g">ch. 2.</subfield>
    <subfield code="t">Role of guns in the conquest of North America --</subfield>
    <subfield code="g">ch. 3.</subfield>
    <subfield code="t">Guns in the daily life of colonial America --</subfield>
    <subfield code="g">ch. 4.</subfield>
    <subfield code="t">Creation of the first American gun culture : Indians and firearms --</subfield>
    <subfield code="g">ch. 5.</subfield>
    <subfield code="t">Brown Bess in the wilderness --</subfield>
    <subfield code="g">ch. 6.</subfield>
    <subfield code="t">People numerous and unarmed --</subfield>
    <subfield code="g">ch. 7.</subfield>
    <subfield code="t">Government promotion of gun production --</subfield>
    <subfield code="g">ch. 8.</subfield>
    <subfield code="t">From indifference to disdain --</subfield>
    <subfield code="g">ch. 9.</subfield>
    <subfield code="t">Creation of a gun subculture --</subfield>
    <subfield code="g">ch. 10.</subfield>
    <subfield code="t">Arming of the American people.</subfield>
  </datafield>
  <datafield tag="520" ind1=" " ind2=" ">
    <subfield code="a">Arming America: The Origins of a National Gun Culture is a discredited 2000 book by historian Michael A. Bellesiles about American gun culture, an expansion of a 1996 article he published in the Journal of American History. Bellesiles, then a professor at Emory University, used fabricated research to argue that during the early period of US history, guns were uncommon during peacetime and that a culture of gun ownership did not arise until the mid-nineteenth century.

Although the book was awarded the prestigious Bancroft Prize in 2001, it later became the first work for which the prize was rescinded, following a decision of Columbia University's Board of Trustees that Bellesiles had "violated basic norms of scholarship and the high standards expected of Bancroft Prize winners."</subfield>
  </datafield>
  <datafield tag="650" ind1=" " ind2="0">
    <subfield code="a">Firearms ownership</subfield>
    <subfield code="z">United States</subfield>
    <subfield code="x">History.</subfield>
  </datafield>
  <datafield tag="856" ind1="4" ind2="2">
    <subfield code="3">Contributor biographical information</subfield>
    <subfield code="u">http://www.loc.gov/catdir/bios/random052/00106191.html</subfield>
  </datafield>
  <datafield tag="856" ind1="4" ind2="1">
    <subfield code="3">Sample text</subfield>
    <subfield code="u">http://www.loc.gov/catdir/samples/random042/00106191.html</subfield>
  </datafield>
  <datafield tag="856" ind1="4" ind2="2">
    <subfield code="3">Publisher description</subfield>
    <subfield code="u">http://www.loc.gov/catdir/description/random044/00106191.html</subfield>
  </datafield>
  <datafield tag="856" ind1="4" ind2="2">
    <subfield code="3">Book review (H-Net)</subfield>
    <subfield code="u">http://www.h-net.org/review/hrev-a0c1c2-aa</subfield>
  </datafield>
  <datafield tag="906" ind1=" " ind2=" ">
    <subfield code="a">7</subfield>
    <subfield code="b">cbc</subfield>
    <subfield code="c">copycat</subfield>
    <subfield code="d">2</subfield>
    <subfield code="e">ncip</subfield>
    <subfield code="f">20</subfield>
    <subfield code="g">y-gencatlg</subfield>
  </datafield>
  <datafield tag="942" ind1=" " ind2=" ">
    <subfield code="2">lcc</subfield>
    <subfield code="c">BK</subfield>
    <subfield code="n">0</subfield>
  </datafield>
  <datafield tag="999" ind1=" " ind2=" ">
    <subfield code="c">2741</subfield>
    <subfield code="d">2741</subfield>
  </datafield>
  <datafield tag="952" ind1=" " ind2=" ">
    <subfield code="0">0</subfield>
    <subfield code="1">0</subfield>
    <subfield code="2">lcc</subfield>
    <subfield code="4">0</subfield>
    <subfield code="7">0</subfield>
    <subfield code="8">NFIC</subfield>
    <subfield code="a">001</subfield>
    <subfield code="b">001</subfield>
    <subfield code="c">REF</subfield>
    <subfield code="d">2024-01-11</subfield>
    <subfield code="l">0</subfield>
    <subfield code="o">BEL 683.400973 HV8059.B395</subfield>
    <subfield code="p">2024-0023</subfield>
    <subfield code="r">2024-01-11 15:30:49</subfield>
    <subfield code="w">2024-01-11</subfield>
    <subfield code="y">BK</subfield>
  </datafield>
</record>
